Biggest Football Stadiums by capacity - Statistics

General Stats
  • This quiz has been taken 27 times
  • The average score is 6 of 50
Answer Stats
Hint Answer % Correct
99,354 Camp Nou
70%
90,000 Wembley Stadium
70%
75,024 Allianz Arena
65%
75,731 Old Trafford
55%
81,044 Santiago Bernabeu
55%
78,838 Maracana
50%
80,018 San Siro
40%
81,365 Signal Iduna Park
35%
74,064 Olympiastadion
25%
81,338 Stade de France
20%
72,698 Stadio Olimpico
20%
80,000 AT&T Stadium
15%
87,523 Estadio Azteca
10%
82,500 MetLife Stadium
10%
74,500 Principality Stadium
10%
85,000 Salt Lake Stadium
10%
76,092 Atatürk Olympic Stadium
5%
78,116 Azadi Stadium
5%
69,870 Baku Olympic Stadium
5%
69,000 CenturyLink Field
5%
82,000 Fedex Field
5%
94,736 FNB Stadium
5%
67,800 Gazprom Arena
5%
68,756 Gillette Stadium
5%
81,000 Luzhniki Stadium
5%
71,000 Mercedes-Benz Stadium
5%
114,000 Rungrado 1st of May Stadium
5%
75,000 Aleppo International Stadium
0%
83,500 ANZ Stadium
0%
80,000 Beijing National Stadium
0%
86,000 Borg El Arab Stadium
0%
87,411 Bukit Jalil National Stadium
0%
75,000 Cairo International Stadium
0%
80,093 Estadio Monumental
0%
72,788 Estadio Nacional Mane Garrincha
0%
72,000 Estadio Olimpico Universitario
0%
77,193 Gelora Bung Karno Stadium
0%
80,012 Guangdong Olympic Stadium
0%
72,327 International Stadium Yokohama
0%
70,000 July 5, 1962 Stadium
0%
100,024 Melbourne Cricket Ground
0%
75,000 Naghsh-e-Jahan Stadium
0%
72,220 NRG Stadium
0%
70,050 NSC Olimpiyskiy Stadium
0%
69,250 Olympiastadion Munchen
0%
69,618 Olympic Stadium Athens Spiros Louis
0%
90,888 Rose Bowl Stadium
0%
69,950 Seoul Olympic Stadium
0%
80,372 Shah Alam Stadium
0%
80,000 Stade des Martyrs
0%
No matching quizzes found
Score Distribution
Percent of People with Each Score
Percentile by Number Answered
Your Score History
You have not taken this quiz